000 00972cam a2200313 4500
001 ABS64227
008 010808n2001 000 0 eng u
035 _a(Sirsi) u114003
100 _aByrne, B.
245 2 _aA change of approach
260 _c2001
490 _aAccountancy
_v128(1295) July 2001, 116-117(2)
520 _aHighlights the need for companies to be aware of their intellectual property rights (IPRs) and to better protect them in order to ensure that their investments are safeguarded.
590 _aABS
650 _aCAPITAL GAINS TAX HOLDOVER
650 _aCOPYRIGHT
650 _aCONFIDENTIAL INFORMATION
650 _aDATABASES
650 _aDESIGN RIGHTS
650 _aGOODWILL
650 _aINTELLECTUAL PROPERTY RIGHTS
650 _aINFORMATION AS AN ASSET
650 _aKNOW-HOW
650 _aPATENTS
650 _aTRADE-MARKS
690 _aMANAGEMENT-BUSINESS MANAGEMENT
700 _aSuenson-Taylor, H.
942 _n0
999 _c67944
_d67944